[Event "3rd GRENKE Chess Open 2018"]
[Site "Karlsruhe"]
[Date "2018.03.30"]
[Round "3"]
[White "Murphy, Conor E"]
[Black "Lubbe, Nikolas"]
[Result "1/2-1/2"]
[WhiteElo "2312"]
[BlackElo "2453"]
[Annotator "TA"]
[PlyCount "97"]
[EventDate "2018.??.??"]
[EventType "swiss"]
[EventCountry "GER"]
[SourceTitle "playchess.com"]
[Source "ChessBase"]
[SourceQuality "1"]

{[%evp 21,97,17,19,8,10,11,16,10,5,-2,45,39,34,44,49,31,43,23,23,17,12,14,13,14,17,2,13,0,0,-18,-14,-17,-21,-25,-11,-18,-12,-9,0,0,0,-37,-24,-22,-31,-21,-22,-27,-16,-24,0,0,0,0,0,0,0,0,0,0,0,0,0,0,-8,-6,0,0,0,0,0,0,0,0,0,0,0,0]} 1. c4 Nf6 2. g3 e6 3. Nf3 d5 4. Bg2 Be7 5. O-O O-O 6. b3 b6 7. Bb2 Bb7 8. e3 Nbd7 9. Nc3 c5 10. Qe2 Rc8 11. d3 a6 {LiveBook: 8 Games. A14: English Opening: 1...e6 with b3 by White} 12. Ne1 Rc7 13. f4 d4 {[#]} 14. exd4 $146 ({Predecessor:} 14. Nd1 Bxg2 15. Nxg2 dxe3 16. Ndxe3 Re8 17. g4 Nb8 18. g5 Nfd7 19. Ng4 {½-½ (39) Marin,M (2533)-Mohota,N (2332) Banyoles 2007}) 14... cxd4 15. Ne4 Nc5 16. Nf2 Bxg2 17. Kxg2 Rd7 18. Rd1 a5 19. Nc2 Qa8+ 20. Qf3 Qxf3+ 21. Kxf3 Rfd8 22. Rfe1 Ne8 {[%cal Bf6e8,Be8c7,Bc7a6,Ba6b8,Bb8c6][%mdl 32]} 23. Ng4 f6 24. h3 Nc7 25. Kf2 N7a6 26. Ba3 $1 Kf7 27. Nh2 Nb8 28. Nf3 Nc6 29. Re2 h6 30. Bxc5 bxc5 31. Na3 Ra8 32. Nb5 a4 33. bxa4 Rxa4 34. a3 Na7 35. Ra2 Nxb5 36. cxb5 {The position is equal.} Rda7 37. Rb1 Rxa3 38. Rxa3 Rxa3 $11 {[%mdl 4096] Endgame KRB-KRN} 39. b6 Ra2+ 40. Ke1 {Black must now prevent b7.} Ra8 41. Nd2 Ke8 42. Nc4 Kd7 43. Kf2 Bd8 44. Kf3 Rb8 45. Ke4 Kc6 {[%cal Rd8b6]} 46. Na5+ Kd7 47. Nc4 Kc6 {[%cal Rd8b6]} 48. Na5+ Kd7 49. Nc4 {Precision: White = 68%, Black = 63%.} 1/2-1/2

[Event "3rd GRENKE Chess Open 2018"]
[Site "Karlsruhe"]
[Date "2018.03.30"]
[Round "3"]
[White "Barath M"]
[Black "Grinberg, Eyal"]
[Result "1/2-1/2"]
[WhiteElo "2309"]
[BlackElo "2448"]
[Annotator "TA"]
[PlyCount "67"]
[EventDate "2018.??.??"]
[EventType "swiss"]
[EventCountry "GER"]
[SourceTitle "playchess.com"]
[Source "ChessBase"]
[SourceQuality "1"]

{[%evp 14,67,0,0,0,0,37,25,31,29,34,-95,-74,-134,-135,-137,-154,-138,-133,-147,-160,-153,-121,-337,-332,-327,-336,-309,-133,-133,-140,-140,-140,-139,-131,-131,-139,-145,-150,-149,-151,-148,-145,-141,-137,-131,-148,-135,0,0,0,0,0,0,0,0]} 1. d4 Nf6 2. c4 e6 3. Nc3 Bb4 4. Qc2 O-O 5. e4 d6 6. a3 Bxc3+ {E32: Nimzo-Indian: Classical (4 Qc2): 4...0-0} 7. bxc3 e5 8. Bd3 {LiveBook: 104 Games} b6 (8... Nc6 9. Ne2 b6 10. O-O Ba6 11. f4 Na5 12. fxe5 Ne8 13. exd6 Nxd6 14. e5 Ndxc4 15. Bxh7+ {1-0 (26) Holt,C (2578)-Le,T (2485) chess.com INT 2018}) 9. Ne2 h6 10. O-O Re8 11. f4 Nc6 {[%cal Bb8c6,Bc6a5,Ba5b3][%mdl 32]} 12. f5 $146 (12. h3 $14 {keeps the upper hand.}) ({Predecessor:} 12. fxe5 dxe5 13. d5 Na5 14. Ng3 {½-½ (25) Salzmann,S (2254)-Polyakov,D (1892) ICCF email 2012}) 12... Na5 13. Rf3 (13. Ng3 $142) 13... Ba6 $1 $17 14. Rg3 Kf8 $1 15. Rh3 Bxc4 16. Ng3 Bxd3 17. Qxd3 Nb3 18. Rxh6 $2 (18. Bxh6 $17 Nxa1 19. Bg5) 18... Nxa1 $19 ({Don't do} 18... gxh6 19. Bxh6+ Kg8 20. Rb1 $19) 19. Nh5 {[#]} Nxh5 $1 ({Weaker is} 19... gxh6 20. Bxh6+ Ke7 21. Nxf6 $17) 20. Rxh5 Ke7 (20... Nb3 $19 21. Bg5 f6) 21. Bg5+ $17 f6 22. Bxf6+ Kxf6 23. Qg3 {White threatens Qg6+ and mate.} Kf7 24. Qg6+ Kg8 25. Qh7+ Kf8 26. f6 Qxf6 27. Rf5 Ke7 ({Resist} 27... exd4 28. Rxf6+ gxf6 29. cxd4 $15) 28. Rxf6 Kxf6 29. Qf5+ Ke7 30. dxe5 {[#]} Nb3 (30... Rad8 $1 $17 {Hoping for ...dxe5.} 31. Qg5+ Kd7 32. exd6 Kxd6) 31. exd6+ $11 {The position is equal.} cxd6 {White must now prevent ...Nc5.} 32. Qg5+ Kf8 33. Qf5+ Ke7 {aiming for ...Nc5.} 34. Qg5+ {Precision: White = 52%, Black = 80%.} 1/2-1/2

[Event "3rd GRENKE Chess Open 2018"]
[Site "Karlsruhe"]
[Date "2018.03.30"]
[Round "3"]
[White "Gschnitzer, Adrian"]
[Black "Perske, Thore"]
[Result "1/2-1/2"]
[WhiteElo "2307"]
[BlackElo "2447"]
[Annotator "TA"]
[PlyCount "49"]
[EventDate "2018.??.??"]
[EventType "swiss"]
[EventCountry "GER"]
[SourceTitle "playchess.com"]
[Source "ChessBase"]
[SourceQuality "1"]

{[%evp 26,49,22,7,30,7,15,19,6,0,15,0,0,-41,-11,-2,47,-36,134,138,120,98,112,112,104,94]} 1. e4 e5 2. Nf3 Nc6 3. Bc4 Bc5 4. O-O Nf6 5. d4 Bxd4 6. Nxd4 Nxd4 7. f4 d6 8. fxe5 dxe5 9. Bg5 Be6 10. Na3 {[%cal Bb1a3,Ba3c4,Bc4e3,Be3d5][%mdl 32] C50: Hungarian Defence and Giuoco Pianissimo} Qe7 11. c3 Bxc4 (11... Nc6 12. Kh1 h6 13. Bxf6 gxf6 14. Bb3 Rg8 15. Nc2 Rg6 16. Ne3 Rd8 17. Qe2 a6 {½-½ (54) Saric,I (2680)-Miton,K (2601) Doha 2014}) 12. Bxf6 gxf6 13. Nxc4 Ne6 14. b4 {LiveBook: 14 Games} Rg8 15. Ne3 {[#] And now Nd5 would win.} Qd6 $146 ({Predecessor:} 15... Nf4 16. g3 Qe6 17. Qf3 Nh3+ {0-1 (39) Debray,C (2337)-Sengupta,D (2543) Grosseto Prugna 2016}) 16. Qxd6 cxd6 17. Nd5 Rg6 18. Rxf6 Rc8 19. Kf2 Ng5 20. Ke3 $36 {[%mdl 2048] Black is under pressure.} Rc4 21. Kd3 (21. Rxg6 $1 $14 hxg6 22. Kd3) 21... Rc6 $2 {[#]} (21... Rxc3+ $1 $15 {keeps the upper hand.} 22. Nxc3 Rxf6) 22. Raf1 Rxf6 23. Nxf6+ {White is better.} Kf8 24. h4 Ne6 {[#]} 25. g3 $1 {Precision: White = 34%, Black = 43%.} 1/2-1/2

[Event "3rd GRENKE Chess Open 2018"]
[Site "Karlsruhe"]
[Date "2018.03.31"]
[Round "4"]
[White "Bacrot, Etienne"]
[Black "Parvanyan, Ashot"]
[Result "1/2-1/2"]
[WhiteElo "2718"]
[BlackElo "2379"]
[Annotator "TA"]
[PlyCount "49"]
[EventDate "2018.??.??"]
[EventType "swiss"]
[EventCountry "GER"]
[SourceTitle "playchess.com"]
[Source "ChessBase"]
[SourceQuality "1"]

{[%evp 33,49,41,54,41,16,20,22,22,22,22,33,0,0,0,0,0,0,0]} 1. d4 Nf6 2. c4 g6 3. Nc3 Bg7 4. e4 d6 5. Nf3 O-O 6. Be2 e5 7. O-O Nc6 8. d5 Ne7 9. b4 a5 10. Ba3 axb4 11. Bxb4 b6 12. a4 Re8 13. Qd3 {E97: King's Indian: Classical Main Line (6...e5 7 0-0 Nc6): 8 Be3 and 8 d5 Ne7, not 9 Ne1} (13. Re1 Bf8 14. Nd2 c5 15. Ba3 Bg7 16. Bb2 Rf8 17. Nb5 Ne8 18. Bc3 f5 19. Ra3 Bh6 20. Bd3 Nf6 21. f3 fxe4 22. fxe4 Ng4 23. Nf1 g5 24. Ra2 Ng6 25. Ng3 Nf4 26. Bb1 Nxh2 27. Nxd6 g4 {½-½ (27) Aleksandrov,A (2565)-Fedorov,A (2576) Minsk 2017}) 13... Nf5 14. a5 bxa5 15. Rxa5 Rb8 16. Nb5 Nd4 17. Nfxd4 exd4 {LiveBook: 3 Games} 18. f3 ({Much weaker is} 18. Qxd4 Nxe4 19. Qd3 Bf5 $15) 18... Nh5 19. g3 {[%cal Bg2g3,Bg3g4][%mdl 32]} Bh3 20. Re1 $146 ({Predecessor:} 20. Rb1 f5 21. Nxd4 fxe4 22. fxe4 Bxd4+ 23. Qxd4 c5 24. dxc6 Rxb4 25. Qd5+ Be6 {0-1 (25) Obukhov,A (2452)-Harutjunyan,G (2387) Alushta 2007}) 20... f5 21. Bf1 Bxf1 22. Kxf1 f4 {The position is equal.} 23. g4 Nf6 24. Ra7 {[#] aiming for Ba5.} Nd7 {Threatens to win with ...Ne5.} 25. Rxc7 1/2-1/2

[Event "3rd GRENKE Chess Open 2018"]
[Site "Karlsruhe"]
[Date "2018.03.31"]
[Round "4"]
[White "Wang, Hao"]
[Black "Hilverda, Alexander"]
[Result "1-0"]
[WhiteElo "2713"]
[BlackElo "2364"]
[Annotator "TA"]
[PlyCount "95"]
[EventDate "2018.??.??"]
[EventType "swiss"]
[EventCountry "GER"]
[SourceTitle "playchess.com"]
[Source "ChessBase"]
[SourceQuality "1"]

{[%evp 24,95,27,30,41,48,59,37,69,74,66,61,71,73,73,64,68,45,32,20,14,6,27,21,56,49,44,6,38,43,44,33,103,80,103,107,86,83,99,92,218,226,275,277,246,207,558,580,578,595,579,550,817,764,787,699,856,848,943,997,822,1056,1024,1024,988,991,1800,1779,1173,829,4381,2285,5373,5357]} 1. e4 e5 2. Nf3 Nc6 3. Bb5 a6 4. Ba4 Nf6 5. O-O Be7 6. Re1 b5 7. Bb3 d6 8. c3 {[%cal Bc2c3,Bc3c4,Bc4c5][%mdl 32]} O-O 9. h3 Nb8 10. d4 Nbd7 11. c4 c6 12. Qc2 {C95: Closed Ruy Lopez: Breyer Variation with 10 d4} (12. a3 exd4 13. Nxd4 Ne5 14. cxb5 axb5 15. Bf4 Qb6 16. Nc3 Re8 17. Nc2 Nfd7 18. Nb4 Nc5 19. Ba2 Be6 20. Bxe6 fxe6 {1-0 (57) Smeets,J (2608)-Van den Doel,E (2589) Amstelveen 2017}) 12... Bb7 13. Nc3 {LiveBook: 15 Games} Qc7 14. a3 {White is slightly better.} Rac8 15. Ba2 $146 ({Predecessor:} 15. Be3 Qb8 16. Ba2 Bd8 17. dxe5 dxe5 18. c5 a5 19. b4 a4 {1-0 (27) Kubicka,A (2221)-Rogozenco,T (2024) Mamaia 2017}) 15... Nb6 16. c5 Nbd7 17. dxe5 Nxe5 18. Nxe5 dxe5 19. b4 a5 20. Qe2 Rcd8 21. Be3 Bc8 22. Rf1 Qd7 23. Qb2 Nh5 24. Rfd1 ({But not} 24. bxa5 Nf4 $11) 24... Qc7 25. Ne2 Bf6 26. Rd6 $36 {[%mdl 2048] White fights for an advantage.} Be7 27. Rxd8 Rxd8 ({Black should play} 27... Qxd8 $14 28. g4 (28. Qxe5 $2 Bf6 $19) 28... Nf6) 28. bxa5 $16 Nf4 29. Nxf4 exf4 30. Bd4 Bf8 {[#]} 31. Qc3 $1 f3 (31... Qa7 $16 {was necessary.}) 32. Be5 $18 ({Stronger than} 32. gxf3 Qf4 $11) 32... Qe7 {intending ...fxg2.} 33. Qxf3 Be6 34. Bd6 Qa7 $2 {[#]} (34... Qf6 35. Qxf6 gxf6 36. Bxe6 fxe6) 35. Bxe6 {White is clearly winning.} fxe6 36. e5 Bxd6 37. cxd6 {[%mdl 4096] Endgame KQR-KQR} Qd4 38. Re1 c5 39. Qb3 c4 40. Qxb5 Rf8 41. Qb6 Qd2 42. Rf1 c3 43. a6 {[%cal Ba5a6,Ba6a7][%mdl 32]} c2 44. Qc6 h6 45. a7 Qa5 46. Qxc2 Qxe5 47. Qd2 Qc5 48. d7 {Precision: White = 70%, Black = 35%.} 1-0

[Event "3rd GRENKE Chess Open 2018"]
[Site "Karlsruhe"]
[Date "2018.03.31"]
[Round "4"]
[White "Korobov, Anton"]
[Black "Sawlin, Leonid"]
[Result "1-0"]
[WhiteElo "2664"]
[BlackElo "2359"]
[Annotator "TA"]
[PlyCount "97"]
[EventDate "2018.??.??"]
[EventType "swiss"]
[EventCountry "GER"]
[SourceTitle "playchess.com"]
[Source "ChessBase"]
[SourceQuality "1"]

{[%evp 14,97,17,14,14,19,17,0,1,0,0,-6,8,0,14,8,13,14,3,0,29,0,0,0,10,-4,16,16,43,36,35,44,27,25,25,29,29,18,29,31,25,3,6,10,22,17,20,0,0,0,0,0,4,0,0,0,0,0,0,0,5,0,27,38,51,51,62,55,80,80,84,82,102,91,29953,29965,29964,29961,29972,29971,29974,29976,29976,29977,29992,29993]} 1. d4 e6 2. Nf3 Nf6 3. Bg5 d5 4. e3 c6 5. Bd3 Nbd7 6. O-O Be7 7. Nbd2 O-O 8. c3 {LiveBook: 3 Games} b6 {D03: 1 d4 d5 2 Nf3 Nf6 3 Bg5, including Torre Attack with early ...d5} 9. a4 $146 ({Predecessor:} 9. h3 Bb7 10. Rc1 Rc8 11. Qe2 c5 12. Bf4 Ne4 13. Rfd1 Ndf6 14. Ba6 Bxa6 15. Qxa6 Bd6 16. Nxe4 Nxe4 17. Bxd6 Qxd6 {½-½ (31) Wang,C (2514)-Zhao,Y (2313) China 2016}) 9... c5 10. Qb1 h6 {The position is equal.} 11. Bf4 Nh5 12. Be5 Nxe5 13. Nxe5 Nf6 (13... Bd6 {with more complications.} 14. f4 Nf6 15. Rf3 Bb7 16. Rh3 Rc8) 14. Nc6 Qc7 15. Nxe7+ Qxe7 16. Nf3 Nd7 17. Re1 Bb7 18. Bb5 Nf6 19. Bd3 Nd7 20. a5 e5 {And now ...e4 would win.} 21. e4 cxd4 22. a6 Bc6 23. cxd4 Rad8 24. exd5 Bxd5 25. Be4 Bxe4 26. Qxe4 Qb4 27. Nxe5 Nxe5 28. dxe5 Qxb2 29. Qb7 Qd4 30. Rac1 Rd7 31. Qc6 Rfd8 32. g3 Re7 33. e6 Rf8 34. Rcd1 Qb2 35. f4 fxe6 36. Rxe6 Qa3 37. Rde1 Ref7 38. Qc4 Kh7 39. Kg2 $36 {[%mdl 2048] White is more active.} Qa5 40. Qd3+ Qf5 {[#]} 41. Qxf5+ $1 Rxf5 $16 {[%mdl 4096] Endgame KRR-KRR} 42. Re7 R8f7 43. Rb7 {Strongly threatening Re8.} Rxb7 $4 {[%mdl 8192]} (43... b5 $16) 44. axb7 {KR-KR. White mates.} Rf8 {[#]} 45. f5 $1 {[%mdl 512]} h5 (45... Rxf5 46. b8=Q) 46. Re7 Kh6 47. Rc7 Rb8 48. h4 a5 49. Rc8 {Precision: White = 74%, Black = 50%.} 1-0

[Event "3rd GRENKE Chess Open 2018"]
[Site "Karlsruhe"]
[Date "2018.03.31"]
[Round "4"]
[White "Fridman, Daniel"]
[Black "Kevlishvili, Robby"]
[Result "1/2-1/2"]
[WhiteElo "2637"]
[BlackElo "2472"]
[Annotator "TA"]
[PlyCount "104"]
[EventDate "2018.??.??"]
[EventType "swiss"]
[EventCountry "GER"]
[SourceTitle "playchess.com"]
[Source "ChessBase"]
[SourceQuality "1"]

{[%evp 12,104,-7,-12,-4,-25,-17,-28,-24,-42,-4,-18,-28,-57,-35,-62,-53,-47,-45,-125,-58,-54,-69,-88,-51,-63,-74,-67,77,43,40,0,58,58,59,64,68,54,95,109,108,86,121,121,121,108,328,302,547,0,0,-31,0,-5,-8,-24,-10,-60,-67,-95,-65,-76,-50,-183,-181,-181,-227,-217,-127,-139,-17,-24,-35,-21,-16,-16,-16,-25,-16,-16,-10,-10,-13,-12,-14,-10,-12,-12,-8,-9,0,0,0,-14,0]} 1. b3 e5 2. Bb2 Nc6 3. e3 Nf6 4. g3 (4. Bb5 e4 5. f3 a6 6. Bxc6 dxc6 7. fxe4 Nxe4 8. Nf3 Bd6 9. d3 Ng5 10. O-O Bg4 11. Nbd2 O-O 12. Qe1 Nxf3+ 13. Nxf3 {½-½ (79) Mamedyarov,S (2799)-Harikrishna,P (2744) Huaian 2017}) 4... d5 5. Bg2 Bg4 6. Ne2 {A01: Nimzowitsch-Larsen Opening} Qd7 7. h3 $1 {[%cal Rh3g4] LiveBook: 6 Games} Bf5 8. d3 h5 9. Nd2 O-O-O 10. a3 Kb8 $146 ({Find the theoretical novelty and annotate with similar games:} 10... Bd6 11. b4 d4 {1-0 (30) Blatny,P (2449)-Netusil,M (2339) Czechia 2007}) 11. b4 a6 12. Nf3 Bd6 13. Nh4 Bh7 14. Nf3 Qe7 15. d4 (15. Ng5 $15) 15... exd4 ({Black should play} 15... Be4 $17 16. h4 exd4 17. Nexd4 Ne5) 16. Nexd4 $15 Nxd4 17. Nxd4 Be5 18. O-O Ne4 19. Rb1 (19. Qxh5 Nd2 $11) 19... f5 (19... h4 $15 {stays ahead.} 20. g4 c6) 20. a4 h4 21. gxh4 Rd6 ({Better is} 21... f4 $1 $11 22. exf4 Bxf4) 22. b5 $1 $14 Rg6 23. Nf3 $1 Bxb2 24. Rxb2 Nc3 25. Qd2 Nxa4 26. Rb4 axb5 27. Rxb5 Nb6 28. Ra1 Rf8 $2 (28... f4 $16 {is a better defense.}) 29. Qa5 $18 f4 $2 (29... Kc8 30. Rxd5 Nxd5 31. Qxd5 c6 32. Ra8+ Kc7 33. Qa5+ Kd7) 30. Qa7+ $2 (30. Rxd5 $18 {Threatening mate with Qa7+.} c6 31. Re5 (31. Qxb6 cxd5 32. Qa7+ Kc8 $16)) 30... Kc8 $11 31. Ra3 Rff6 32. exf4 Rxf4 ({Avoid the trap} 32... Qe2 $2 33. Rxb6 $1 {[%mdl 512]} cxb6 34. h5 $18) 33. Re3 Re4 $36 {[%mdl 2048] Black has some pressure.} ({Worse is} 33... Qd7 34. Rxb6 $1 {[%mdl 512]} cxb6 35. Ne5 $18) 34. Rbb3 {And now Ng5 would win.} Rge6 $1 {[%cal Re4e3]} 35. Rxe4 $1 Bxe4 (35... Rxe4 {NOTEXT} 36. Qa3 Qxa3 37. Rxa3 Ra4 38. Rc3 c6) 36. Ng5 $1 {[%cal Rg5e6]} Bxc2 37. Bxd5 (37. Nxe6 $15 Bxb3 38. Bf3) 37... Bxb3 $19 38. Qxb7+ Kd7 39. Bxb3 {[#]} Re1+ (39... Rf6 $1 $19 {Hoping for ...Qe1+.} 40. Qa6 Qe1+ 41. Qf1 Qxf1+ 42. Kxf1 Rf4 43. Be6+ Kd6) 40. Kg2 $17 Qf6 (40... Qe2 $17 41. Ba4+ Nxa4 42. Qd5+ Ke7 43. Qf7+ Kd6 44. Qf4+ Kc5 45. Qxa4 Qf1+ 46. Kg3 Qd3+ 47. Kg2 Rb1 48. Qa7+ Kd6 49. Nf7+ Ke6 50. Ng5+ Kd6 51. Nf7+ Ke6 52. Ng5+ Kd7 53. Qa4+ Qb5) 41. Bd5 $1 $11 Nxd5 42. Qxd5+ {[%mdl 4096] Endgame KQR-KQN} Qd6 43. Qf5+ Kc6 {...Qd5+ is the strong threat.} 44. Qc2+ $1 Kb7 {Threatens to win with ...Qc6+.} 45. Qb2+ $1 {The position is equal.} Kc8 {aiming for ...Qc6+.} 46. Qxg7 Qd5+ 47. Nf3 Re4 48. Qh8+ Kb7 49. Qb2+ Ka7 50. Qa3+ Kb8 51. Qb2+ Kc8 52. Qh8+ Kb7 {Precision: White = 59%, Black = 43%.} 1/2-1/2

[Event "3rd GRENKE Chess Open 2018"]
[Site "Karlsruhe"]
[Date "2018.03.31"]
[Round "4"]
[White "Banusz, Tamas"]
[Black "Nasuta, Grzegorz"]
[Result "1/2-1/2"]
[WhiteElo "2618"]
[BlackElo "2459"]
[Annotator "TA"]
[PlyCount "35"]
[EventDate "2018.??.??"]
[EventType "swiss"]
[EventCountry "GER"]
[SourceTitle "playchess.com"]
[Source "ChessBase"]
[SourceQuality "1"]

{[%evp 10,35,3,-14,-3,-17,0,-17,-8,-17,-13,-17,-9,-20,-15,-36,-8,-10,-13,-22,-19,-35,-29,-83,-62,-54,-49,-78]} 1. c4 c5 2. Nc3 Nc6 3. g3 g6 4. Bg2 Bg7 5. d3 d6 6. f4 {LiveBook: 9 Games. A36: Symmetrical English vs ...g6: 4 Bg2 Bg7} Nf6 7. Nf3 a6 $146 ({Find the theoretical novelty and annotate with similar games:} 7... O-O 8. O-O d5 9. cxd5 Nxd5 10. Bd2 e6 11. Rc1 b6 12. a3 a5 13. Na4 Rb8 {½-½ (29) Rapport,R (2621)-Van Kampen,R (2581) Wijk aan Zee 2013}) 8. O-O {The position is equal.} Rb8 9. a4 O-O 10. h3 Bd7 11. Kh2 Ne8 12. Qd2 Qa5 13. Ra3 e6 14. Qd1 Qd8 15. Be3 Nd4 16. Bd2 (16. a5 $11 {remains equal.}) 16... b5 $17 17. axb5 axb5 18. cxb5 {Precision: White = 15%, Black = 74%.} 1/2-1/2

[Event "3rd GRENKE Chess Open 2018"]
[Site "Karlsruhe"]
[Date "2018.03.31"]
[Round "4"]
[White "Bindrich, Falko"]
[Black "Xu, Xianliang"]
[Result "1/2-1/2"]
[WhiteElo "2602"]
[BlackElo "2424"]
[Annotator "TA"]
[PlyCount "37"]
[EventDate "2018.??.??"]
[EventType "swiss"]
[EventCountry "GER"]
[SourceTitle "playchess.com"]
[Source "ChessBase"]
[SourceQuality "1"]

{[%evp 13,37,-87,-77,-110,-98,-100,-104,-104,-90,-84,-76,-127,-65,-71,-69,-54,-68,-119,-97,-152,-161,-159,-146,-135,-144,-170]} 1. Nf3 d5 2. c4 d4 3. g3 Nc6 4. d3 e5 5. Bg2 Nf6 6. O-O Bd6 7. b4 {A09: Réti Opening: 1 Nf3 d5 2 c4} Nxb4 {LiveBook: 4 Games} 8. Bg5 h6 $146 ({Predecessor:} 8... O-O 9. Nbd2 Nc6 10. Rb1 Be7 11. Qa4 Nd7 12. Bxe7 Qxe7 13. Rfc1 Re8 14. Ne1 Nc5 {0-1 (67) Kekelidze,M (2463)-Lenderman,A (2539) Arlington 2013}) 9. Bxf6 {Black is better.} Qxf6 10. Nbd2 Qe7 11. Ne4 O-O 12. Nfd2 (12. e3 $142) 12... f5 ({Black should play} 12... Rb8 $17 13. Nxd6 Qxd6) 13. Nxd6 $15 Qxd6 14. c5 Qxc5 15. Qb3+ (15. Rc1 $15 Qd6 16. Nc4) 15... Kh8 16. Rfc1 {[#]} (16. Rfe1 $142) 16... Qe7 $1 $17 {Black is clearly better.} 17. Rab1 c5 18. a3 {[#]} Na6 $1 19. Qb5 {Precision: White = 45%, Black = 72%.} 1/2-1/2

[Event "3rd GRENKE Chess Open 2018"]
[Site "Karlsruhe"]
[Date "2018.03.31"]
[Round "4"]
[White "Bernadskiy, Vitaliy"]
[Black "Skawinski, Arkadiusz"]
[Result "1-0"]
[WhiteElo "2588"]
[BlackElo "2422"]
[Annotator "TA"]
[PlyCount "45"]
[EventDate "2018.??.??"]
[EventType "swiss"]
[EventCountry "GER"]
[SourceTitle "playchess.com"]
[Source "ChessBase"]
[SourceQuality "1"]

{[%evp 17,45,0,0,-6,8,39,-4,-43,-30,-30,-5,-48,45,28,70,72,77,81,438,427,521,410,482,486,666,669,672,673,647,648]} 1. e4 e6 2. d4 d5 3. Nd2 h6 (3... c5 4. exd5 Qxd5 5. Ngf3 cxd4 6. Bc4 Qd8 7. O-O Nc6 8. Nb3 a6 9. Nbxd4 Nxd4 10. Nxd4 Qc7 11. Bd3 Nf6 12. Re1 Bd6 13. h3 O-O 14. Bg5 Be5 15. c3 h6 16. Nf3 Bxc3 {1-0 (51) Mamedov,R (2709)-Le,Q (2737) Huaian 2017}) 4. c3 c5 5. Ngf3 Nf6 6. e5 {C03: French Tarrasch: Unusual Black 3rd moves} Nfd7 7. Bd3 Nc6 8. O-O g5 9. h3 h5 {LiveBook: 6 Games. next ...g4 is good for Black.} 10. c4 Rg8 11. cxd5 exd5 {...g4 is the strong threat.} 12. Nh2 $146 g4 (12... cxd4 13. e6 $14) 13. hxg4 hxg4 {Black wants to play ...Qh4.} 14. Nxg4 Nxd4 (14... Qh4 $1 $15 15. Nh2 (15. e6 $2 fxe6 16. Re1 Qxg4 $19) 15... Nxd4) 15. Nb3 $14 {Threatens to win with Nxd4.} Nxb3 16. axb3 Qh4 {[#]} 17. Bf5 $1 $36 {[%cal Rf5d7][%mdl 2048] Black must now prevent Bxd7+. Black is under strong pressure.} Be7 $2 {[%mdl 8192]} (17... Rh8 $16 {is more resistant.} 18. f3 Be7) 18. g3 $18 Qh8 19. Qxd5 Qh5 20. e6 {White is clearly winning.} Nf8 {[%cal Rf7e6]} 21. exf7+ Qxf7 22. Qxf7+ Kxf7 23. Nh6+ 1-0

[Event "3rd GRENKE Chess Open 2018"]
[Site "Karlsruhe"]
[Date "2018.03.31"]
[Round "4"]
[White "Lagarde, Maxime"]
[Black "Nitin, S.."]
[Result "1-0"]
[WhiteElo "2587"]
[BlackElo "2414"]
[Annotator "TA"]
[PlyCount "89"]
[EventDate "2018.??.??"]
[EventType "swiss"]
[EventCountry "GER"]
[SourceTitle "playchess.com"]
[Source "ChessBase"]
[SourceQuality "1"]

{[%evp 12,89,18,8,28,29,41,21,19,31,35,22,9,0,0,0,0,-19,-16,-28,-16,-21,-10,-5,-24,-22,-16,-22,-5,-66,-23,-27,-22,-22,-20,-27,-21,-27,-14,-16,-13,-56,-33,-54,-1,-89,-47,-87,0,-47,-47,-51,-50,-79,-70,-84,-97,-93,0,-97,79,62,78,33,112,118,226,224,293,273,420,435,837,827,918,145,879,850,1213,1207]} 1. Nf3 Nf6 2. g3 g6 3. b3 Bg7 4. Bb2 O-O 5. Bg2 a5 6. a4 {A05: Réti Opening: 1 Nf3 Nf6} (6. O-O a4 7. c4 d6 8. d4 Nbd7 9. Nc3 Nb6 10. Qc2 d5 11. c5 a3 12. Bxa3 Rxa3 13. cxb6 cxb6 {0-1 (66) Carlsen,M (2838)-Jobava,B (2701) chess.com INT 2017}) 6... d6 7. d4 {LiveBook: 29 Games} e5 8. dxe5 {White has an edge.} Nfd7 9. Nc3 $146 ({Find the theoretical novelty and annotate with similar games:} 9. Na3 Nc6 10. Nc4 Ndxe5 11. Nfxe5 Nxe5 12. Nxe5 Bxe5 13. Bxe5 dxe5 14. Qc1 c6 {1-0 (47) Drozdowski,K (2508)-Lederer,Y (2350) Dallas 2016}) 9... dxe5 {[%cal Bd6e5,Be5e4][%mdl 32]} 10. Qd2 Na6 11. O-O Ndc5 12. Qe3 e4 13. Rad1 Qe8 $1 14. Nd4 f5 15. Ndb5 b6 16. Qc1 Bb7 17. f4 Qe7 18. e3 Nb4 19. Rf2 Rad8 20. Nd4 (20. Bf1 $11) 20... Rd7 21. Bf1 Rfd8 22. Bc4+ Kh8 23. Rfd2 h6 24. Ndb5 Kh7 25. Rxd7 Rxd7 26. Nd4 Ba6 27. Bb5 Rd6 ({Black should try} 27... Bxb5 $15 28. axb5 Bxd4 29. Rxd4 Rxd4 30. exd4 Ne6) 28. Nce2 (28. Bxa6 $11 Ncxa6 29. Ndb5) 28... Qd8 29. Rd2 {[#]} Qe7 (29... Nbd3 $1 $17 {[%mdl 512]} 30. cxd3 Bxb5 31. axb5 exd3) 30. Ba3 Bb7 {[%cal Ba6b7,Bb7d5,Bd5c4][%mdl 32]} 31. Bc4 Qd7 32. Qf1 Bd5 {And now ...Bxc4 would win.} 33. Nb5 Bxc4 34. Nxd6 cxd6 (34... Bxe2 $1 $17 35. Qxe2 cxd6) 35. Bxb4 (35. bxc4 $11 {keeps the balance.} Qxa4 36. Bxb4 Qxb4 37. Rxd6) 35... axb4 $2 (35... Bxe2 $1 $17 {keeps the pressure on.} 36. Qxe2 axb4) 36. bxc4 $16 Qxa4 37. Nd4 (37. Rxd6 Qxc2 38. g4 (38. Rxb6 Qd2 $17) 38... Nd3 $11) 37... Qa3 (37... Bxd4 $14 38. exd4 Ne6) 38. Qe2 Na4 (38... Bxd4 $16 {was necessary.} 39. Rxd4 (39. exd4 Na4 $11) 39... b3 40. cxb3 Nxb3) 39. Ne6 $18 Nc3 40. Qe1 Qa2 (40... b3 {might work better.} 41. cxb3 Bf6) 41. Rxd6 Qxc2 (41... Qxc4 $142 42. g4 Bf6 43. gxf5 (43. Rxb6 fxg4 44. Qd2 Nd5 $18) 43... gxf5 44. Nf8+ Kg7) 42. Rd7 b3 43. Rxg7+ Kh8 {[#] White should prevent ...Ne2+.} 44. Qa1 $1 {[%cal Ra1a8]} ({Wrong is} 44. Rxg6 $2 b2 $19) 44... Ne2+ 45. Kh1 {Precision: White = 59%, Black = 37%.} 1-0